000 00352nam a2200133Ia 4500
008 240624s9999 xx 000 0 und d
041 _aeng
082 _a647.94 SEA
100 _aSEAL PARTHO PRATIM
245 _aCOMPUTERS IN HOTELS CONCEPTS AND APPLICA
260 _c2013
_aNew Delhi
_bOxford
300 _axi, : 349 : p. : cm. ; 26
365 _cRS
_b31
999 _c24868
_d24868